Gods: Greek or Roman Quiz Stats

 Plays Quiz Updated Sep 28, 2016

Score 0/24 Timer 04:00
17 Plays Today
God Greek or Roman? % Correct
Athena???
88.6%
Poseidon???
87.8%
Hades???
87.6%
Hermes???
87.5%
Ares???
84.3%
Jupiter???
84.1%
Saturn???
83.6%
Juno???
80.3%
Venus???
79.3%
Vulcan???
79.3%
Helios???
73.9%
Hypnos???
72.8%
God Greek or Roman? % Correct
Gaia???
71.1%
Fortuna???
71%
Hecate???
70.3%
Vesta???
69.7%
Pan???
69.1%
Diana???
68%
Nike???
67.1%
Cupid???
65.1%
Bacchus???
64.6%
Eris???
59.6%
Ops???
58.4%
Ceres???
51.2%

You're not logged in!

Compare scores with friends on all Sporcle quizzes.
OR
Log In

Show Comments

Extras

Top Quizzes Today


Score Distribution

Your Account Isn't Verified!

In order to create a playlist on Sporcle, you need to verify the email address you used during registration. Go to your Sporcle Settings to finish the process.

Report this User

Report this user for behavior that violates our Community Guidelines.

Details: